| 000 | 00984 a2200205 4500 | ||
|---|---|---|---|
| 003 | Nust | ||
| 005 | 20221017150350.0 | ||
| 010 | _a 95024492 | ||
| 020 | _a0201633892 (alk. paper) | ||
| 040 | _cNust | ||
| 082 | 0 | 0 | _a005.75,STE |
| 100 | 1 |
_aStein, Lincoln D., _9100528 |
|
| 245 | 1 | 0 |
_aHow to set up and maintain a World Wide Web site : _bthe guide for information providers / _cLincoln D. Stein. |
| 260 |
_aReading, Mass. : _bAddison-Wesley Pub. Co., _cc1995. |
||
| 300 |
_axv, 469 p. : _bill. ; _c24 cm. |
||
| 505 | _aIntroduction To The Web (Page-1), Unraveling The Web: How It All Works (Page-27), Installing And Configuring A Web Server (Page-55), Security (Page-125), Creating Hypertext Documents (Page-169), Software Tools For Text, Graphics, Sound And Video (Page-207), A Web Style Guide (Page-251), Working With Server Scripts (Page-289), Writing Server Scripts (Page-355). | ||
| 650 | 0 |
_aWeb servers. _995902 |
|
| 650 | 0 |
_aWeb sites. _927082 |
|
| 942 |
_2ddc _cBK _k005.75,STE |
||
| 999 |
_c180181 _d180181 |
||